Creative casserole cookery : good housekeeping step-by-step cookery
| Format: | Book |
|---|---|
| Published: |
London :
Ebury Press ,
1985
|
| Subjects: |
MARC
| LEADER | 00000cam a2200000 7i4500 | ||
|---|---|---|---|
| 001 | 0000005742 | ||
| 002 | 000006207 | ||
| 005 | 20000330.0 | ||
| 020 | |a 0852234678 | ||
| 090 | 0 | 0 | |a 641.5 |b CRE |
| 245 | 0 | 0 | |a Creative casserole cookery : |b good housekeeping step-by-step cookery |
| 260 | |a London : |b Ebury Press , |c 1985 | ||
| 300 | |a 160p. ; |c 24cm. | ||
| 650 | 0 | 0 | |a Casserole cookery |
| 999 | |a 037741 |b BUKU |c PINJAMAN |e PERPUSTAKAAN KOMUNITI PETALING JAYA | ||